000 00286nam a22001337a 4500
008 180127b xxu||||| |||| 00| 0 eng d
020 _a9780201613216
041 _aeng
080 _a510
100 _a36
101 _aMAT
245 _aMathematic Activities
_cDolan
942 _2udc
_cBK
999 _c41080
_d41080